Turbo pascal : Programation et résolution de problèmes (Record no. 41041)
[ view plain ]
| 000 -LEADER | |
|---|---|
| fixed length control field | 00805 a2200301 4500 |
| 037 ## - SOURCE OF ACQUISITION | |
| Source of stock number/acquisition | IUF, 2 |
| 037 ## - SOURCE OF ACQUISITION | |
| Stock number | S 8479 |
| 037 ## - SOURCE OF ACQUISITION | |
| Stock number | S 8480 |
| 020 ## - NUMERO INTERNATIONAL NORMALISE DES LIVRES | |
| International Standard Book Number | 2-553-00467-2 |
| 100 ## - VEDETTE PRINCIPALE - NOM DE PERSONNE | |
| Personal name | Bourdreault, Yves |
| 100 ## - VEDETTE PRINCIPALE - NOM DE PERSONNE | |
| Language of a work | Fr |
| 260 ## - PUBLICATION, DISTRIBUTION, ETC. (IMPRINT) | |
| Place of publication, distribution, etc | Montréal |
| 260 ## - PUBLICATION, DISTRIBUTION, ETC. (IMPRINT) | |
| Name of publisher, distributor, etc | Ecole polythecnique de Montréal |
| 245 ## - TITLE STATEMENT | |
| Title | Turbo pascal : Programation et résolution de problèmes |
| 260 ## - PUBLICATION, DISTRIBUTION, ETC. (IMPRINT) | |
| Date of publication, distribution, etc | 1994 |
| 300 ## - PHYSICAL DESCRIPTION | |
| Extent | 585p. |
| 300 ## - PHYSICAL DESCRIPTION | |
| Other physical details | 23cm. |
| 630 ## - SUBJECT ADDED ENTRY--UNIFORM TITLE | |
| Uniform title | 68 - industries, metiers et commerces de produits finis ou assembles |
| 650 ## - SUBJECT ADDED ENTRY--TOPICAL TERM | |
| Topical term or geographic name as entry element | 6 - SCIENCES APPLIQUEES |
| 650 ## - SUBJECT ADDED ENTRY--TOPICAL TERM | |
| Topical term or geographic name as entry element | Informatique : langage |
| 650 ## - SUBJECT ADDED ENTRY--TOPICAL TERM | |
| Topical term or geographic name as entry element | Turbo pascal |
| 700 ## - ADDED ENTRY--PERSONAL NAME | |
| Personal name | Bernard, Jean-Charles |
| 700 ## - ADDED ENTRY--PERSONAL NAME | |
| Personal name | Collab, Guardo, Robert |
| 700 ## - ADDED ENTRY--PERSONAL NAME | |
| Personal name | Collab, Lavoie, Jean |
| 700 ## - ADDED ENTRY--PERSONAL NAME | |
| Personal name | Collab, Savard, Pierre |
| Withdrawn status | Lost status | Damaged status | Not for loan | Location (home branch) | Sublocation or collection (holding branch) | Date acquired | Source of acquisition | Coded location qualifier | Koha issues (times borrowed) | Koha full call number | Piece designation (barcode) | Koha date last seen | Copy number | Price effective from | Koha item type |
|---|---|---|---|---|---|---|---|---|---|---|---|---|---|---|---|
| Bibliothèque Universitaire Centrale | Bibliothèque Universitaire Centrale | 28/02/2009 | Don CIUF | S 8479 | 681.3 BOU | S-8479Buc | 28/02/2009 | 1 | 28/02/2009 | Libre Accès |